|
|
|
|
| LEADER |
00000nam a22000007a 4500 |
| 005 |
20190407153658.0 |
| 007 |
cr|||| |||| |
| 008 |
190407s2018 es |||||s|||| 00||0 spa d |
| 020 |
|
|
|a 978-84-948453-0-7
|
| 035 |
|
|
|a 23051
|
| 040 |
|
|
|a vLex
|
| 090 |
|
|
|c 8573
|d 8573
|
| 100 |
1 |
|
|a Fugardo Estivill, Josep Maria
|
| 245 |
1 |
0 |
|a Procreacin̤ humana y acciones de responsabilidad
|h [Recurso electrn̤ico] :
|b Derecho espaǫl y comparado /
|c Josep Maria Fugardo Estivill
|
| 256 |
|
|
|a Servicio en ln̕ea
|
| 260 |
|
|
|a Barcelona:
|b J.M. Bosch Editor,
|c 2018
|
| 300 |
|
|
|a 1 recurso electrn̤ico
|
| 500 |
|
|
|a En la primera parte de este libro se trata sobre cuestiones relativas a los derechos procreativos, la salud sexual y reproductiva, la gestacin̤ por sustitucin̤, la proteccin̤ jurd̕ica de la vida genťica y prenatal, el consentimiento mďico informado, el contenido de la lex artis mďica, y la causalidad, imputabilidad y responsabilidad civil por daǫs derivados del ejercicio de los derechos procreativos. En la parte segunda, se definen y examinan determinadas clases de acciones de responsabilidad civil referentes a los derechos positivo y negativo a procrear, en especial, las acciones de responsabilidad conocidas como concepcin̤ no deseada (wrongful conception o pregnancy); nacimiento inapropiado (wrongful birth); vida inapropiada (wrongful life); y muerte errn̤ea (wrongful death). En la parte final, se estudian otras acciones de responsabilidad relacionadas con la procreacin̤, la interrupcin̤ del embarazo, el delito de lesiones al feto, y la controvertida responsabilidad parental por la causacin̤ de daǫs o lesiones prenatales. La obra se centra fundamentalmente en la legislacin̤, doctrina y jurisprudencia de Derecho espaǫl y se tienen en cuenta, las Convenciones internacionales, la doctrina jurd̕ica y bioťica, y determinados casos judiciales de Derecho comparado, especialmente, los procedentes del Derecho anglosajn̤.
|
| 506 |
1 |
|
|a Disponible solo en los productos indicados
|d vLex Global
|d vLex Global (Academic Edition, excluding Law Schools)
|d vLex Global (U.S. Academic Edition, Law Schools)
|d vLex Global (U.S. Academic Edition, excluding Law Schools)
|d vLex Global (Academic Edition, Law Schools)
|
| 650 |
0 |
4 |
|a Derecho Civil
|z Espaą
|
| 740 |
0 |
|
|a vLex Libros (Servicio en ln̕ea)
|
| 856 |
4 |
0 |
|u http://vlex.com/source/procreacion-humana-y-acciones-de-responsabilidad-derecho-espa-ol-y-comparado-23051
|z Acceso restringido
|
| 942 |
|
|
|c BOOK
|
| 999 |
0 |
|
|a Civil Law
|